000 00311 a2200121 4500
000 nam a22 7a 4500
005 20260206172527.0
020 _a9789395404945
100 _aSudha Singh
_91114312
245 _aStri Lekhan Ki Vaichariki
260 _bAnamika Publishers & Distributors
_c2024
942 _cTEXL
999 _c1678856
_d1678856